Excelentní košickí prírodovedci mladí vedci

Bibliographic Details
Format: Article
Language:Slovak
PhysicalDescription:Fotogr.
ISSN:1335-4566
Subjects:

MARC

LEADER 00000nab a2200000 a 4500
001 vtls009472467
003 SK-MaSNL
005 20260304234025.0
008 090212c20090211xo drz 0 0slo
038 |a KEVKJB 
040 |a KEVKJB  |b slo  |c KEVKJB  |e AACR2 
041 0 |a slo 
044 |a xo  |c SK 
080 |a 378.4  |2 2001 
080 |a 001.891  |2 2001 
245 0 0 |a Excelentní košickí prírodovedci  |b mladí vedci  |c [autor] (rm) 
300 |b Fotogr. 
610 2 7 |a Univerzita Pavla Jozefa Šafárika v Košiciach.  |b Prírodovedecká fakulta.  |b Centrá excelentnosti  |2 kevkjb  |9 181299 
650 0 7 |a centrá excelentnosti  |2 kevkjb  |9 837435 
650 0 7 |a výskumné pracoviská  |2 kevkjb  |9 578693 
650 0 7 |a vedecký výskum  |2 kevkjb  |9 4237 
651 7 |a Košice (Slovensko)  |2 kevkjb  |9 18694 
773 0 |t Košický Korzár  |g Roč. XII, č. 34 (11.2.2009), s. 13  |x 1335-4566 
852 |a KEVKJB  |b KIS3GCP 
999 |c 3201596  |d 3203526